Equipos españoles que más veces han participado en Europa - Estadísticas

Estadísticas generales
  • Esta prueba ha sido intentada 894 veces
  • La puntuación promedio es 14 de 17
Estadísticas de respuestas
Champions League Jugadas UEFA/ Europa League Jugadas Conference League Jugadas Total Equipo % Correcto
53 9 0 62 Real Madrid
100%
33 12 0 45 FC Barcelona
99%
17 20 0 37 Atlético de Madrid
98%
8 15 0 23 Sevilla FC
96%
5 18 0 23 Athletic Club de Bilbao
95%
13 18 0 31 Valencia CF
95%
1 10 0 11 Real Betis
94%
4 12 0 16 Real Sociedad
89%
5 5 0 10 Deportivo de La Coruña
86%
4 11 1 16 Villarreal CF
77%
1 8 0 9 Celta de Vigo
75%
0 8 0 8 Real Zaragoza
68%
0 8 0 8 RCD Espanyol
65%
0 3 0 3 Getafe CF
62%
2 3 0 5 RCD Mallorca
61%
1 4 0 5 CA Osasuna
59%
0 6 0 6 Sporting de Gijón
37%
No se encontraron pruebas coincidentes
Distribución de puntuación
Porcentaje de gente con cada puntuación
Porcentaje por número respondido
Historial de tus puntuaciones
No has intentado esta prueba.